Las adoratrices (Record no. 54619)

MARC details
000 -LEADER
campo de control de longitud fija 01042nam a22002295i 4500
001 - NÚMERO DE CONTROL
campo de control 54619
003 - IDENTIFICADOR DE NÚMERO DE CONTROL
campo de control ES-MaACL
005 - FECHA Y HORA DE LA ÚLTIMA TRANSACCIÓN
campo de control 20251015145002.0
007 - CAMPO FIJO DE DESCRIPCIÓN FÍSICA--INFORMACIÓN GENERAL
campo de control de longitud fija t|
008 - DATOS DE LONGITUD FIJA--INFORMACIÓN GENERAL
campo de control de longitud fija 960724s1880 sp ||||1| spa d
040 ## - FUENTE DE CATALOGACIÓN
Centro catalogador/agencia de origen CAM
Lengua de catalogación spa
Centro/agencia transcriptor CAM
080 ## - NÚMERO DE LA CLASIFICACIÓN DECIMAL UNIVERSAL
Número de la Clasificación Decimal Universal 271 Adoratrices Esclavas del Santísimo Sacramento y de la Caridad
100 1# - ENTRADA PRINCIPAL--NOMBRE DE PERSONA
Nombre de persona Fuente, Vicente de la,
Fechas asociadas al nombre 1817-1889
9 (RLIN) 52857
245 14 - MENCIÓN DEL TÍTULO
Título Las adoratrices
Resto del título : noticia acerca del origen de este Instituto para la rehabilitación de jóvenes extraviadas, leído en la Real Academia de Ciencias Morales y Políticas /
Mención de responsabilidad, etc. por Vicente de la Fuente.
260 ## - PUBLICACIÓN, DISTRIBUCIÓN, ETC.
Lugar de publicación, distribución, etc. Madrid :
Nombre del editor, distribuidor, etc. [s.n.],
Fecha de publicación, distribución, etc. 1880 (
Fabricante Imprenta de Antonio Perez Dubrull)
300 ## - DESCRIPCIÓN FÍSICA
Extensión 38 p. ;
Dimensiones 17 cm.
600 07 - PUNTO DE ACCESO ADICIONAL DE MATERIA--NOMBRE DE PERSONA
Nombre de persona María Micaela del Santísimo Sacramento,
Títulos y otros términos asociados al nombre Santa
Fuente del encabezamiento o término
9 (RLIN) 140518
610 24 - PUNTO DE ACCESO ADICIONAL DE MATERIA--NOMBRE DE ENTIDAD CORPORATIVA
Nombre de entidad corporativa o nombre de jurisdicción como elemento de entrada Adoratrices Esclavas del Santísimo Sacramento y de la Caridad.
9 (RLIN) 155971
710 2# - ENTRADA AGREGADA--NOMBRE DE ENTIDAD CORPORATIVA
Nombre de entidad corporativa o nombre de jurisdicción como elemento de entrada Real Academia de Ciencias Morales y Políticas (España)
9 (RLIN) 222050
852 ## - LOCALIZACIÓN
Ubicación ES-MaACL
Número de control de estantería T-1296-F-2
Nota libre .- Donat. Bosch
Holdings
Estatus retirado Estado de pérdida Estado de daño No para préstamo Colección Biblioteca de origen Biblioteca actual Ubicación en estantería Fecha de adquisición Fuente de adquisición Total de préstamos Signatura topográfica completa Código de barras Visto por última vez Precio de reemplazo Tipo de ítem Koha
        Colección de folletos Biblioteca del Ateneo de Madrid Biblioteca del Ateneo de Madrid Depósito folletos 17/01/2008     T-1296-F-2 1057391 23/02/2023 23/02/2023 Folleto